书目信息 |
| 题名: |
长征史话
|
|
| 作者: | 李安葆 编 | |
| 分册: | ||
| 出版信息: | 北京 中国青年出版社 1978 |
|
| 页数: | 79页 | |
| 开本: | 19cm | |
| 丛书名: | ||
| 单 册: | ||
| 中图分类: | K264.4 | |
| 科图分类: | ||
| 主题词: | 中国--历史 | |
| 电子资源: | ||
| ISBN: | ||
| 000 | 00568nam0 2200217 45 | |
| 001 | 0178002396 | |
| 005 | 20051214090236.31 | |
| 010 | @dCNY0.19 | |
| 091 | @a11009.78 | |
| 100 | @a19950724d1978 em y0chiy0121 ea | |
| 101 | 0 | @achi |
| 102 | @aCN@b110000 | |
| 105 | @af z 000yy | |
| 200 | 10 | @a长征史话@Achang zheng shi hua@f李安葆编@Fli an bao bian |
| 210 | @a北京@c中国青年出版社@d1978 | |
| 215 | @a79页@c照片@d19cm | |
| 606 | 0 | @a中国@x历史 |
| 690 | @aK264.4@v3 | |
| 701 | 0 | @a李安葆@Ali an bao@4编 |
| 801 | 0 | @aCN@bNLC@c20051214 |
| 905 | @dK264.4@e10@f1@b67637 | |
| 长征史话/李安葆编.-北京:中国青年出版社,1978 |
| 79页:照片;19cm |
| ISBN :CNY0.19 |
| ● |
| 相关链接 |
|
|
|
|
正题名:长征史话
索取号:K264.4/10
 
预约/预借
| 序号 | 登录号 | 条形码 | 馆藏地/架位号 | 状态 | 备注 |
| 1 | 0001082 | 202269473 | 密集书库/ [索取号:K264.4/10] | 在馆 | |
| 2 | 0067637 | 001470660 | 第二样本阅览室/ [索取号:K264.4/10] | 在馆 | |
| 3 | 0067638 | 001898129 | 密集书库/ [索取号:K264.4/10] | 在馆 | |
| 4 | 0067639 | 001295128 | 密集书库/ [索取号:K264.4/10] | 在馆 | |
| 5 | 0067640 | 202162738 | 密集书库/ [索取号:K264.4/10] | 在馆 |